محمد صلى الله عليه وسلم بين مكة المكرمة والمدينة المنورة / (رقم التسجيلة. 132953)

تفاصيل مارك
000 -LEADER
fixed length control field 00647nam a22001817a 4500
005 - DATE AND TIME OF LATEST TRANSACTION
control field 20251108175404.0
008 - FIXED-LENGTH DATA ELEMENTS--GENERAL INFORMATION
fixed length control field 250721s2013 xx 000 0 ara d
082 14 - DEWEY DECIMAL CLASSIFICATION NUMBER
Classification number ط/219/باش
100 1# - MAIN ENTRY--PERSONAL NAME
Personal name باشا، رامه عمر
245 10 - TITLE STATEMENT
Title محمد صلى الله عليه وسلم بين مكة المكرمة والمدينة المنورة /
264 1# - PRODUCTION, PUBLICATION, DISTRIBUTION, MANUFACTURE, AND COPYRIGHT NOTICE
Place of production, publication, distribution, manufacture ] د.م [ :
Name of producer, publisher, distributor, manufacturer دار المؤلف،
Date of production, publication, distribution, manufacture, or copyright notice 2013.
300 ## - PHYSICAL DESCRIPTION
Extent ج2
490 0# - SERIES STATEMENT
Series statement ليلى مع الاصدقاء في ارض الانبياء
650 17 - SUBJECT ADDED ENTRY--TOPICAL TERM
Topical term or geographic name as entry element السيرة النبوية
653 ## - INDEX TERM--UNCONTROLLED
Uncontrolled term مرحلة اطفال متوسطة (6-9)سنوات
942 ## - ADDED ENTRY ELEMENTS (KOHA)
Source of classification or shelving scheme Dewey Decimal Classification
Koha item type كتب
المقتنيات
حالة السحب حالة الفقدان مصدر التصنيف حالة التلف غير قابل للإعارة المكتبة الرئيسية المكتبة الحالية موقع الرف تاريخ التزويد الرقم المتسلسل Total Checkouts رقم الإستدعاء الباركود تاريخ آخر ظهور تاريخ الفاتورة نوع المادة (كوها)
    Dewey Decimal Classification     المكتبة المركزية المكتبة المركزية الأطفال 28/07/2025 1614877   ط/219/باش PLD00355126 28/07/2025 28/07/2025 كتب
    Dewey Decimal Classification     المكتبة المركزية المكتبة المركزية الأطفال 08/08/2018 1686310   ط/219/باش PLD00426915 28/07/2025 08/08/2018 كتب
    Dewey Decimal Classification     المكتبة المركزية المكتبة المركزية الأطفال 08/08/2018 1686311   ط/219/باش PLD00426916 28/07/2025 08/08/2018 كتب
Implemented & Customized by: BBB with SCIT (Smart Chains for Information Technology)

Powered by Koha